00529nam a2200181Ia 450000500170000000800410001704000190005804100120007708200150008910000170010424500760012126000390019730000120023665000330024865100260028170000300030785000100033720240304130721.0131103s9999 xx 000 0 und d aLoreto College aEnglish a371.1bPOS aPostman,Neil aTeaching as a subversive activitycNeil Postman and Chartes Weingartner aHarmondsworthbPenguin Booksc1969 a204 p.  aSchools and their activities aTeachers and teaching aWeingartner,Charles,auth. aLCLIB